000 00500nam a22002177a 4500
003 UA-OsUOA
001 106623
007 ta
008 20140602b un ||||| |||| 00| 0 ukr d
100 _aАбышев К.
090 _a101
_bА17
942 _cSA
040 _aUA-OsUOA
_brus
_cUA-OsUOA
_dUA-OsUOA
245 _aМышление и бытие
300 _aС.62-73
955 _a0
041 _arus
080 _a101
773 0 _w106621
650 7 _a1 Філософські науки
_2UDC
999 _c393452
_d393452